000 00754nam a2200289Ia 4500
005 20260324122156.0
008 008 260324s9999 xx 000 0 eng d
020 _a9780203181034
037 _aEBOOK
040 _aCRL
040 _beng
040 _cCRL
041 _2eng
041 _aeng
084 _qCRL
100 _aRobert T. Palmer; Dina C. Maramba; Marybeth Gasman
_91165418
245 0 _aFostering Success of Ethnic and Racial Minorities in STEM
245 4 _bThe Role of Minority Serving Institutions
260 _bTaylor and Francis
260 _c2013
365 _a
365 _b265
856 _uhttp://www.taylorfrancis.com/books/9780203181034
942 _cEBOOK
999 _c1757956
_d1757956